The spider spins a web (Record no. 150367)

MARC details
000 -LEADER
fixed length control field 00708nam a2200253 i 4500
001 - CONTROL NUMBER
control field C2-0230833
003 - CONTROL NUMBER IDENTIFIER
control field PPAK
005 - DATE AND TIME OF LATEST TRANSACTION
control field 20180728083919.0
008 - FIXED-LENGTH DATA ELEMENTS--GENERAL INFORMATION
fixed length control field 001101s1999 my a|||| ||||| | eng d
020 ## - INTERNATIONAL STANDARD BOOK NUMBER
International Standard Book Number 967927991X
040 ## - CATALOGING SOURCE
Original cataloging agency PPAK
Language of cataloging eng
Transcribing agency PPAK
Description conventions rda
082 04 - DEWEY DECIMAL CLASSIFICATION NUMBER
Classification number 428.6
Edition number 23
090 00 - LOCALLY ASSIGNED LC-TYPE CALL NUMBER (OCLC); LOCAL CALL NUMBER (RLIN)
Classification number (OCLC) (R) ; Classification number, CALL (RLIN) (NR) 428.6
Feature heading SPI
Feature heading K
245 04 - TITLE STATEMENT
Title The spider spins a web
264 #1 - PRODUCTION, PUBLICATION, DISTRIBUTION, MANUFACTURE, AND COPYRIGHT NOTICE
Place of production, publication, distribution, manufacture Kuala Lumpur :
Name of producer, publisher, distributor, manufacturer Penerbitan Fargoes Sdn. Bhd. ,
Date of production, publication, distribution, manufacture, or copyright notice 1999
300 ## - PHYSICAL DESCRIPTION
Extent [16 pages] :
Other physical details colour illustrations ;
Dimensions 26 cm
336 ## - CONTENT TYPE
Source rdacontent
Content type term text
337 ## - MEDIA TYPE
Source rdamedia
Media type term unmediated
338 ## - CARRIER TYPE
Source rdacarrier
Carrier type term volume
490 1# - SERIES STATEMENT
Series statement My little jungle book
650 10 - SUBJECT ADDED ENTRY--TOPICAL TERM
Topical term or geographic name entry element Readers (Primary)
830 #0 - SERIES ADDED ENTRY--UNIFORM TITLE
Uniform title My little jungle book
942 ## - ADDED ENTRY ELEMENTS (KOHA)
-- dc
Koha item type Book
Holdings
Withdrawn Not for loan Current library Shelving location Date acquired Total Checkouts Full call number Barcode Date last seen Date last checked out Koha item type
    Perpustakaan Alor Setar Pinjaman Kanak-kanak 04/07/2001 1 K 428.6 SPI A00975281 17/12/2023 25/11/2023 Book
    Perpustakaan Awam Sungai Petani Pinjaman Kanak-kanak 04/07/2001 3 K 428.6 SPI A00975282 03/03/2024 12/02/2024 Book
    Perpustakaan Awam Sungai Petani Pinjaman Kanak-kanak 04/07/2001   K 428.6 SPI A00975288 31/05/2018   Book
    Perpustakaan Jitra Pinjaman Kanak-kanak 04/07/2001   K 428.6 SPI A00975283 31/05/2018   Book
    Perpustakaan Kulim Pinjaman Kanak-kanak 27/12/2004 2 K 428.6 SPI A01059778 26/10/2021 12/04/2021 Book
    Perpustakaan Yan Pinjaman Kanak-kanak 04/07/2001   K 428.6 SPI A00975286 31/05/2018   Book
    PD16, Kg. Jelai, Pendang Pinjaman Kanak-kanak 04/07/2001   K 428.6 SPI A00975297 31/05/2018   Book
    PD18, Kg. Wang Tepus, Jitra Pinjaman Kanak-kanak 04/07/2001   K 428.6 SPI A00975298 31/05/2018   Book